|
|
|
|
| LEADER |
00000nam0a2200000 4500 |
| 001 |
103562 |
| 005 |
20231031113705.0 |
| 010 |
|
|
|a 5699165991
|
| 035 |
|
|
|a (RuTPU)RU\TPU\book\111656
|
| 090 |
|
|
|a 103562
|
| 100 |
|
|
|a 20061018d2006 m y0rusy50 ca
|
| 101 |
0 |
|
|a rus
|
| 102 |
|
|
|a RU
|
| 105 |
|
|
|a a z 000zc
|
| 200 |
1 |
|
|a Николай Караченцов и Людмила Поргина
|f И. А. Агапова, М. А. Давыдова
|
| 210 |
|
|
|a Москва
|c Эксмо
|c Алгоритм
|d 2006
|
| 215 |
|
|
|a 224 с.
|c ил.
|
| 225 |
1 |
|
|a Он и Она
|
| 330 |
|
|
|a После трагедии с Николаем Караченцовым вся страна узнала о счастливой актерской семье, о творческом и человеческом союзе двух любящих сердец. В книге рассказывается о работе Николая Караченцова и Людмилы Поргиной в театре и кино, много подробностей о семейной жизни, о друзьях и коллегах. Она адресована тем, кому небезразлично творчество замечательных артистов, кто неравнодушен к судьбе Николая Караченцова.
|
| 600 |
|
1 |
|a Караченцов
|b Н. П.
|c актер
|f 1944-
|g Николай Петрович
|2 stltpush
|3 (RuTPU)RU\TPU\pers\19419
|
| 600 |
|
1 |
|a Поргина
|b Л. А.
|c актриса, заслуженная артистка России
|c жена Н. Караченцова
|g Людмила Андреевна
|f 1948-
|2 stltpush
|3 (RuTPU)RU\TPU\pers\19420
|
| 610 |
1 |
|
|a искусство
|
| 610 |
1 |
|
|a театр
|
| 610 |
1 |
|
|a кино
|
| 610 |
1 |
|
|a актеры
|
| 675 |
|
|
|a 792
|v 3
|
| 675 |
|
|
|a 791.44.071
|v 3
|
| 700 |
|
1 |
|a Агапова
|b И. А.
|g Ирина Анатольевна
|
| 701 |
|
1 |
|a Давыдова
|b М. А.
|g Маргарита Алексеевна
|
| 801 |
|
1 |
|a RU
|b 63413507
|c 20061018
|g PSBO
|
| 801 |
|
2 |
|a RU
|b 63413507
|c 20090423
|g PSBO
|
| 942 |
|
|
|c BK
|
| 959 |
|
|
|a 89/20061012
|d 1
|e 136,51
|f ХФ:1
|